1262 1406 1259 1807 1842 1622 1007 1489 1201 1352 1229 1555 1309 1158 1291 1999 1093 1695 1748 1375 1780 1746 1623 1253 1799 1753 1611 1733 1506 1299 1199 1351 1702 1645 1548 1039 1017 1114 1019 1464 1974 1846 1526 1506 1469 1830 1102 1961 1227 1253 1626 1102 1077 1283 1585 1915 1965 1143 1339 1522 1454 1477 1532 1360 1043 1534 1908 1312 1853 1082 1342 1996 1758 1798 1789 1906 1671 1799 1820 1962 1773 1531 1131 1665 1438 1422 1745 1088 1557 1600 1205 1587 1887 1078 1545 1568 1534 1999 1943 BCNSPRNW ULIB Ver.6.0+V

เปลี่ยนเป็นภาษาไทย

Change to English
 แสดงรายละเอียดบรรณานุกรม
  กลับหน้าหลัก

Brief Record : Get Marc (ISO 2709) : E-mail record : QR code < ปิดหน้าต่าง
LEADER : 00000nam 2200000uu 4500
001    13399112899
003     ULIB
008    110916s2552||||th 000 0 tha d
020    9786110600446
090    นว.^bC1119 2552
100 0  Clear lce
245 00 ตะวันส่องใจ/^cClear lec
250    พิมพ์ครั้งที่ 1
260    กรุงเทพฯ :^bแจ่มใส,^c2552
300    419 หน้า
945    ^p249^l0^i15770
995    กัณชพร
999 ^a ใช้งานได้ทุกระบบ
รายการนี้ยังไม่มีแท็ก
คุณยังไม่ได้ล็อกอิน คุณสามารถมีกิจกรรมร่วมกับเว็บไซต์ได้ แต่ต้องล็อกอินก่อน ::
  ล็อกอิน

รายการสื่อสารสนเทศ

ลำดับที่ ประเภท เลขเรียก/บาร์โค้ด สถานที่ สถานะ
1. วิทยาศาสตร์การแพทย์ และสุขภาพ
วิทยาศาสตร์การแพทย์ และสุขภาพ
นว. C1119 2552  
  Barcode: 15770
ห้องสมุดวิทยาเขตสวรรค์ประชารักษ์
►นวนิยาย
บนชั้น
  ขอยืม

BibComment


ยังไม่เคยถูกคอมเมนท์

คอมเมนท์ทรัพยากรรายการนี้
  คอมเมนท์: ตะวันส่องใจ Clear..


 Copyright 2026. Bcnsprnw @Library